Marriage, family, and kinship : comparative studies of social organization /

Bibliographic Details
Main Author: Ember, Melvin
Other Authors: Ember, Carol R.
Format: Book
Language:English
Published: [New Haven, Conn.] : HRAF Press, 1983.
Subjects:

MARC

Tag First Indicator Second Indicator Subfields
LEADER 00000cam a2200000 a 4500
001 in00000542721
005 20151013172826.0
008 830527s1983 ctua b 00110 eng
010 |a  82083702  
020 |a 0875361137 
020 |a 0875361145 (pbk.) 
035 |a (OCoLC)09461330 
035 |9 ACH3365AM 
039 0 |a 2  |b 3  |c 3  |d 3  |e 3 
040 |a DLC  |c DLC  |d TXA  |d UtOrBLW 
049 |a TXAM 
050 0 0 |a GN478  |b .E45 1983 
082 0 |a 306.8/3  |2 19 
100 1 |a Ember, Melvin. 
245 1 0 |a Marriage, family, and kinship :  |b comparative studies of social organization /  |c Melvin Ember and Carol R. Ember. 
264 1 |a [New Haven, Conn.] :  |b HRAF Press,  |c 1983. 
300 |a 409 pages :  |b illustrations ;  |c 23 cm. 
336 |a text  |b txt  |2 rdacontent 
337 |a unmediated  |b n  |2 rdamedia 
338 |a volume  |b nc  |2 rdacarrier 
504 |a Includes bibliographies and index. 
650 0 |a Social structure. 
650 0 |a Kinship. 
700 1 |a Ember, Carol R. 
999 |a MARS 
999 f f |s 04509d80-e3d4-3ee6-900f-a4413dc2a5e9  |i 83089a54-50fb-33a7-94cc-29cff7028362  |t 0 
952 f f |p normal  |a Texas A&M University  |b College Station  |c Sterling C. Evans Library  |d Evans: Library Stacks  |t 0  |e GN478 .E45 1983  |h Library of Congress classification  |i unmediated -- volume  |m A14808795012 
998 f f |a GN478 .E45 1983  |t 0  |l Evans: Library Stacks